Strategies in teaching exceptional children in maybancal elementary school Morong, Rizal and tayuman elementary school binangonan, Rizal, school year 2006-2007 / (Record no. 8865)

MARC details
000 -LEADER
fixed length control field 00815nam a22002057i 4500
003 - CONTROL NUMBER IDENTIFIER
control field URS
005 - DATE AND TIME OF LATEST TRANSACTION
control field 20220114153537.0
008 - FIXED-LENGTH DATA ELEMENTS--GENERAL INFORMATION
fixed length control field 190529b ||||| |||| 00| 0 eng d
040 ## - CATALOGING SOURCE
Language of cataloging eng
Description conventions rda
Transcribing agency URS Pililla Library
082 00 - DEWEY DECIMAL CLASSIFICATION NUMBER
Item number T BEED E2 2008
100 1# - MAIN ENTRY--PERSONAL NAME
Personal name Jugo, Mark Lester M.
Relator term researcher
245 10 - TITLE STATEMENT
Title Strategies in teaching exceptional children in maybancal elementary school Morong, Rizal and tayuman elementary school binangonan, Rizal, school year 2006-2007 /
Statement of responsibility, etc. Mark Lester M. Jugo
300 ## - PHYSICAL DESCRIPTION
Extent xviii, 95 leaves;
Dimensions 28 cm.
336 ## - CONTENT TYPE
Content type term text
Content type code txt
Source rdacontent
337 ## - MEDIA TYPE
Media type term unmediated
Media type code n
Source rdamedia
338 ## - CARRIER TYPE
Carrier type term volume
Carrier type code nc
Source rdacarrier
502 ## - DISSERTATION NOTE
Dissertation note Thesis
Degree type Bachelor in Elementary Education Major in English
Name of granting institution University of Rizal System Pililla
700 1# - ADDED ENTRY--PERSONAL NAME
Personal name Fulgado, Julieta ST.
Relator term adviser
942 ## - ADDED ENTRY ELEMENTS (KOHA)
Source of classification or shelving scheme Dewey Decimal Classification
Koha item type Theses and dissertations
Holdings
Withdrawn status Source of classification or shelving scheme Damaged status Not for loan Home library Current library Shelving location Date acquired Total Checkouts Full call number Barcode Date last seen Price effective from Koha item type
  Dewey Decimal Classification   Not For Loan Pililla College Library Pililla College Library General Stacks 05/29/2019   T BEED E2 2008 T BEED E2 2008 05/29/2019 05/29/2019 Theses and dissertations

University of Rizal System
Email us at univlibservices@urs.edu.ph

Visit our Website www.urs.edu.ph/library